Statistiken für Völlig einfaches Geographie-Quiz-#1

Klicken Sie hier um das Quiz zu spielen!

Allgemein

  • Dieses Quiz wurde 478 mal gespielt
  • Das Durchschnittsergebnis liegt bei 12 aus 15

Antwortstatistiken

HinweisAntwort% Korrekt
Hauptstadt RusslandsMoskau
99%
Nur Land Kanada grenztVereinigte Staaten
99%
In Griechenland gesprochene SpracheGriechisch
98%
Bevölkerungsreichstes LandChina
94%
Land, aus dem die Nazis kamenDeutschland
94%
Land unter Deutschland, das Hauptstadt ist WienOsterreich
93%
Das einzige jüdische LandIsrael
91%
Land mit einem sehr ähnlichen Namen wie NigeriaNiger
90%
Land, zu dem Grönland gehörtDanemark
89%
In Brasilien gesprochene SprachePortugiesisch
79%
Sprache, die hauptsächlich im Nahen Osten gesprochen wirdArabisch
77%
Bevölkerungsreichster US-BundesstaatKalifornien
74%
Haupstadt JapanTokyo
64%
Meer, in dem Kuba liegtKaribik
61%
Größter Zweig des ChinesischenMandarin
43%

Verteilung der Resultate

Perzentil nach korrekt beantworteten Fragen

Anzahl Personen mit jedem Resultat

Ihre Resultats-Entwicklung

Sie haben dieses Quiz noch nicht gespielt